000 00638nam a2200181Ia 4500
005 20250508160114.0
008 008 250505s9999 xx 000 0 eng d
037 _aTextual
040 _aFEDL
_beng
_cFEDL
041 _aeng
_2eng
084 _a371.27, GRE
_qFEDL
245 0 _aExamination in art : Question papers, 1950 : The intermediate examination in art and crafts
245 0 _cGreat Britain. Education, Ministry o ...)
260 _aLondon, UK
_bHis Majesty's Stationery Office
_c1950
546 _aThe examination for the national diploma in design
942 _cTEXL
_h371.27, GRE
999 _c1361758
_d1361758